Green fluorescent protein : properties, applications, and protocols
This book provides a solid theoretical framework, along with detailed, practical guidance on use of GFPs and NFPs with discussion of potential pitfalls. The expert contributors provide real examples in showing how to tailor GFP/NFP to specific systems, maximize expression, and enhance detection
Enregistré dans:
| Format: | Livre |
|---|---|
| Langue: | Undetermined |
| Publié: |
Hoboken, N.J.
Wiley-Interscience
2006
|
| Sujets: | |
| Tags: |
Ajouter un tag
Pas de tags, Soyez le premier à ajouter un tag!
|
| Thư viện lưu trữ: | Trung tâm Học liệu Trường Đại học Cần Thơ |
|---|
| LEADER | 00905nam a2200205Ia 4500 | ||
|---|---|---|---|
| 001 | CTU_162518 | ||
| 008 | 210402s9999 xx 000 0 und d | ||
| 020 | |c 130 | ||
| 082 | |a 572.6 | ||
| 082 | |b G795/2nd | ||
| 245 | 0 | |a Green fluorescent protein : | |
| 245 | 0 | |b properties, applications, and protocols | |
| 245 | 0 | |c edited by Martin Chalfie, Steven R. Kain | |
| 260 | |a Hoboken, N.J. | ||
| 260 | |b Wiley-Interscience | ||
| 260 | |c 2006 | ||
| 520 | |a This book provides a solid theoretical framework, along with detailed, practical guidance on use of GFPs and NFPs with discussion of potential pitfalls. The expert contributors provide real examples in showing how to tailor GFP/NFP to specific systems, maximize expression, and enhance detection | ||
| 650 | |a Green fluorescent protein,Đạm phát quang sinh học | ||
| 910 | |a Nguyên | ||
| 980 | |a Trung tâm Học liệu Trường Đại học Cần Thơ | ||